|
|
|
|
| LEADER |
01827cas a2200241 a 4500 |
| 001 |
AALejournalIMF001043 |
| 008 |
230101c9999 xx r poo 0 0eng d |
| 020 |
|
|
|c 5.00 USD
|
| 020 |
|
|
|z 9781451855364
|
| 022 |
|
|
|a 1018-5941
|
| 040 |
|
|
|a BD-DhAAL
|c BD-DhAAL
|
| 100 |
1 |
|
|a Hamann, A.
|
| 245 |
1 |
0 |
|a Exchange-Rate-Based Stabilization :
|b A Critical Look at the Stylized Facts /
|c A. Hamann.
|
| 264 |
|
1 |
|a Washington, D.C. :
|b International Monetary Fund,
|c 1999.
|
| 300 |
|
|
|a 1 online resource (28 pages)
|
| 490 |
1 |
|
|a IMF Working Papers
|
| 500 |
|
|
|a <strong>Off-Campus Access:</strong> No User ID or Password Required
|
| 500 |
|
|
|a <strong>On-Campus Access:</strong> No User ID or Password Required
|
| 506 |
|
|
|a Electronic access restricted to authorized BRAC University faculty, staff and students
|
| 520 |
3 |
|
|a Do exchange-rate-based stabilizations generate distinctive economic dynamics? To address this question, this paper identifies stabilization episodes using criteria that differ from those in previous empirical studies of exchange-rate-based stabilizations. We find that, while some differences can be detected between exchange-rate-based stabilizations and stabilizations where the exchange rate is not the anchor, the behavior of important variables does not appear to differ-especially output growth, which is good in both cases. There is also no evidence that fiscal discipline is enhanced by adopting an exchange-rate anchor, or that there are any systematic differences in the success records of stabilizations that use the exchange rate as a nominal anchor and those that do not.
|
| 538 |
|
|
|a Mode of access: Internet
|
| 830 |
|
0 |
|a IMF Working Papers; Working Paper ;
|v No. 1999/132
|
| 856 |
4 |
0 |
|z Full text available on IMF
|u http://elibrary.imf.org/view/journals/001/1999/132/001.1999.issue-132-en.xml
|z IMF e-Library
|